Entry Personal Name
Number of records used in: 1
001 - CONTROL NUMBER
003 - CONTROL NUMBER IDENTIFIER
005 - DATE AND TIME OF LATEST TRANSACTION
- control field:
20231125160529.0
008 - FIXED-LENGTH DATA ELEMENTS
- fixed length control field:
921020n| acannaab| |a aaa ||| b
010 ## - LIBRARY OF CONGRESS CONTROL NUMBER
- LC control number:
n 92805441
040 ## - CATALOGING SOURCE
- Original cataloging agency:
DNLM
- Transcribing agency:
DLC
- Modifying agency:
DLC
100 10 - HEADING--PERSONAL NAME
- Personal name:
Lemoine, Nicholas R.
400 10 - SEE FROM TRACING--PERSONAL NAME
- Personal name:
Lemoine, N. R.
- Fuller form of name:
(Nicholas R.)
670 ## - SOURCE DATA FOUND
- Source citation:
Mutant oncogenes, 1993:
- Information found:
CIP t.p. (Nicholas R. Lemoine, consultant clinical scientist, Molecular Pathology Lab., Imperial Cancer Research Fund Oncology Group, Royal Postgrad. Medical Sch., Hammersmith Hosp., London, UK)
670 ## - SOURCE DATA FOUND
- Source citation:
The Molecular pathology of cancer, 1993:
- Information found:
t.p. (N.R. Lemoine) p. 135 (Nicholas R. Lemoine)